000 00332nam a2200109Ia 4500
008 171211s9999 xx 000 0 und d
245 _aFields of Logic and Computation
245 _cAndreas Blass and Nachum Dershowitz
260 _c2010
650 _xINFORMATION TECHNOLOGIES
856 _uhttp://down.ebook777.com/064/3642150241.pdf
999 _c349704
_d349704